000
00314nam a22001457a 4500
008
210518b ||||| |||| 00| 0 eng d
020
_a
0618003770
041
_a
eng
080
_a
070
082
_a
070
100
_a
39
101
_a
MED
245
_a
Introduction to Journalism
_c
John Reque
942
_2
udc
_c
BK
999
_c
57431
_d
57431